<?xml version="1.0" encoding="UTF-8"?>
<record
    xmlns:xsi="http://www.w3.org/2001/XMLSchema-instance"
    xsi:schemaLocation="http://www.loc.gov/MARC21/slim http://www.loc.gov/standards/marcxml/schema/MARC21slim.xsd"
    xmlns="http://www.loc.gov/MARC21/slim">

  <leader>02076nam a2200289 u 4500</leader>
  <controlfield tag="001">1403444</controlfield>
  <controlfield tag="005">20240129080647.0</controlfield>
  <controlfield tag="007">cr|||||||</controlfield>
  <controlfield tag="008">150314s2013                        spa  </controlfield>
  <datafield tag="035" ind1=" " ind2=" ">
    <subfield code="a">1403444</subfield>
  </datafield>
  <datafield tag="040" ind1=" " ind2=" ">
    <subfield code="c">comduadb</subfield>
  </datafield>
  <datafield tag="041" ind1=" " ind2=" ">
    <subfield code="a">spa</subfield>
  </datafield>
  <datafield tag="080" ind1=" " ind2=" ">
    <subfield code="a">PCI</subfield>
  </datafield>
  <datafield tag="100" ind1="1" ind2="0">
    <subfield code="a">Giraldo S&#xE1;nchez, Giovanni Alexander</subfield>
    <subfield code="4">aut</subfield>
    <subfield code="e">aut</subfield>
    <subfield code="9">641583</subfield>
  </datafield>
  <datafield tag="245" ind1="1" ind2="0">
    <subfield code="a">Pr&#xE1;ctica empresarial, evaluaci&#xF3;n hidr&#xE1;ulica de la planta de potabilizaci&#xF3;n manantiales</subfield>
  </datafield>
  <datafield tag="260" ind1=" " ind2=" ">
    <subfield code="a">Medell&#xED;n :</subfield>
    <subfield code="b">[sin publicador],</subfield>
    <subfield code="c">2013.</subfield>
  </datafield>
  <datafield tag="520" ind1="3" ind2=" ">
    <subfield code="a">El presente informe de pr&#xE1;cticas, se bas&#xF3; en la evaluaci&#xF3;n hidr&#xE1;ulica de las unidades de floculaci&#xF3;n y sedimentaci&#xF3;n de la planta de Potabilizaci&#xF3;n Manantiales (Municipio de Bello), propiedad de Empresas P&#xFA;blicas de Medell&#xED;n (EPM). 
En el a&#xF1;o 2012 se cambiaron las placas de asbesto-cemento de los sedimentadores, por m&#xF3;dulos de sedimentaci&#xF3;n tipo panal. Debido a estos cambios en los sedimentadores, al desconocimiento de los tipos de flujo en la planta y a problemas de comportamiento en los nuevos m&#xF3;dulos, se decidi&#xF3; realizar una evaluaci&#xF3;n hidr&#xE1;ulica en las unidades de sedimentaci&#xF3;n y de floculaci&#xF3;n mediante de la aplicaci&#xF3;n de cloruro de sodio como trazador, seg&#xFA;n la metodolog&#xED;a recomendada por el CEPIS y la OMS. Para determinar la presencia de zonas muertas y cortocircuitos en las unidades se analizaron las curvas de concentraci&#xF3;n del trazador por los m&#xE9;todos de Wolf-Resnick y curva de tendencia. Como resultado se encontr&#xF3; que las unidades presentan cortocircuitos que reducen considerablemente los tiempos de retenci&#xF3;n del floc y reducen la eficiencia de los sedimentadores.</subfield>
  </datafield>
  <datafield tag="650" ind1=" " ind2=" ">
    <subfield code="a">Floculadores hidr&#xE1;ulicos</subfield>
    <subfield code="9">77770</subfield>
  </datafield>
  <datafield tag="650" ind1=" " ind2=" ">
    <subfield code="a">Planta de tratamiento Manantiales (Medell&#xED;n)</subfield>
    <subfield code="9">40586</subfield>
  </datafield>
  <datafield tag="650" ind1=" " ind2=" ">
    <subfield code="a">Planta de tratamiento de agua</subfield>
    <subfield code="9">66314</subfield>
  </datafield>
  <datafield tag="650" ind1=" " ind2=" ">
    <subfield code="a">Potabilizaci&#xF3;n del agua</subfield>
    <subfield code="9">58420</subfield>
  </datafield>
  <datafield tag="700" ind1="1" ind2="0">
    <subfield code="a">Ca&#xF1;&#xF3;n Barriga, Julio Eduardo</subfield>
    <subfield code="4">ths</subfield>
    <subfield code="e">ths</subfield>
    <subfield code="9">606626</subfield>
  </datafield>
  <datafield tag="856" ind1="4" ind2=" ">
    <subfield code="u">https://drive.google.com/open?id=0BwecnWVz7HZoYTdMdnNSejZSUm8&amp;authuser=0</subfield>
  </datafield>
  <datafield tag="942" ind1=" " ind2=" ">
    <subfield code="c">TESIS</subfield>
    <subfield code="n">0</subfield>
  </datafield>
  <datafield tag="999" ind1=" " ind2=" ">
    <subfield code="c">707117</subfield>
    <subfield code="d">707117</subfield>
  </datafield>
  <datafield tag="502" ind1=" " ind2=" ">
    <subfield code="b">170</subfield>
    <subfield code="c">17</subfield>
  </datafield>
  <datafield tag="526" ind1=" " ind2=" ">
    <subfield code="a">172</subfield>
  </datafield>
</record>
